000 00313nam a22001457a 4500
008 210607b ||||| |||| 00| 0 eng d
020 _a0878932682
041 _aeng
080 _a575
082 _a575
100 _a9
101 _aIMU
245 _aImmunology a Synthesis
_cEdward S. Golub
942 _2udc
_cBK
999 _c58013
_d58013